| 000 | 00382nam a22001457a 4500 | ||
|---|---|---|---|
| 020 | _a9787119105550 | ||
| 082 |
_a335.4345 _bJIN 2016 |
||
| 245 |
_aUp and out of poverty _cXi Jinping |
||
| 260 |
_aBeijing : _bForeign language Co. Ltd., _c2016. |
||
| 300 |
_a223 p. ; _c23 cm. |
||
| 563 | _aPB | ||
| 942 |
_2ddc _cBK |
||
| 999 |
_c588775 _d588775 |
||